Fast Binary to Hexadecimal Conversion - Statistics

General Stats
  • This quiz has been taken 53 times
  • The average score is 14 of 18
Answer Stats
Binary Hex % Correct
110101001 1A9
94%
101111 2F
93%
1101001 69
92%
11110101 F5
90%
110110 36
89%
11010101 D5
89%
11110111 F7
89%
1111101010 3EA
87%
1011110 5E
87%
1011010101 2D5
85%
1101111 6F
85%
101010 2A
83%
1011101 5D
83%
1101011001 359
81%
10000100000 420
80%
10101110 AE
80%
11010110 D6
79%
110010101 195
77%
11100 1C
77%
100101 25
77%
10101101001 569
75%
1101011 6B
75%
111010 3A
73%
10110100 B4
73%
10111101 BD
70%
1110101010 3AA
67%
10101010 AA
67%
1000111 47
64%
1011010 5A
64%
101101101 16D
60%
111001001 1C9
45%
No matching quizzes found
Score Distribution
Percent of People with Each Score
Percentile by Number Answered
Your Score History
You have not taken this quiz